| 000 | 01282cam a2200361I 4500 | ||
|---|---|---|---|
| 001 | 7135 | ||
| 003 | MCM | ||
| 005 | 20211208234353.0 | ||
| 008 | 130114s1966 nyu b 100 0 eng | ||
| 035 | _aMITb10581263 | ||
| 035 | _a(OCoLC)00570046 | ||
| 035 | _aGLIS00581263 | ||
| 040 |
_aDLC _cWSU _dm.c. _dSER _dm/c _dRCD _beng |
||
| 041 | _aeng | ||
| 082 |
_a355.2 _bMIL 1966 |
||
| 090 |
_aUA11 _b.E68 1966 |
||
| 099 | _aUA11.E68 1966 | ||
| 245 | 1 | 4 |
_aThe military-technical revolution; _bits impact on strategy and foreign policy / _cedited by John Erickson. Associate editors: Edward L. Crowley and Nikolai Galay. |
| 260 |
_aNew York, _bPublished for the Institute for the Study of the USSR [by] F.A. Praeger _c1966 |
||
| 300 |
_a284 p. _c22 cm. |
||
| 500 | _aRevised and updated papers from a symposium held at the Institute for the Study of the USSR, Munich, October, 1964. | ||
| 504 | _aBibliographical footnotes. | ||
| 650 | 0 |
_aMilitary policy. _918207 |
|
| 650 | 0 |
_aStrategy. _922325 |
|
| 650 | 0 |
_aWorld politics. _922326 |
|
| 700 | 1 |
_aErickson, John. _922327 |
|
| 700 | 1 |
_aGalay, Nikolai, _d1902- _922328 |
|
| 710 | 2 |
_aInstitut zur Erforschung der UdSSR. _922329 |
|
| 942 |
_2ddc _cBK |
||
| 949 |
_aMYGD _b39080003738306 |
||
| 999 |
_c7135 _d7135 |
||